| 000 -ლიდერი |
| ფიქსირებული სიგრძის საკონტროლო ველი |
01030nam a2200229Ia 4500 |
| 001 - საკონტროლო ნომერი |
| საკონტროლო ველი |
8199 |
| 003 - საკონტროლო ნომრის იდენტიფიკატორი |
| საკონტროლო ველი |
GE_BSU |
| 005 - ბოლო ოპერაციის თარიღი და დრო |
| საკონტროლო ველი |
20221005100733.0 |
| 008 - ფიქსირებული სიგრძის მონაცემთა ელემენტები - ზოგადი ინფორმაცია |
| ფიქსირებული სიგრძის საკონტროლო ველი |
181216s1979ge xx |||||||||||||| ||geo|| |
| 040 ## - კატალოგიზაციის წყარო |
| Transcribing agency |
GE_BSU |
| 041 ## - ენის კოდი |
| Language code of text/sound track or separate title |
geo |
| 080 ## - უნივერსალური ათობითი კლასიფიკაციის ინდექსი |
| Universal Decimal Classification number |
821.353.1-92 დ-90 |
| 100 ## - მთავარი ჩანაწერი - პიროვნების სახელი |
| Personal name |
დუმბაძე, ნოდარ. |
| 9 (RLIN) |
1321 |
| 245 ## - ცნობა სათაურის შესახებ |
| Title |
ოდისევსის დაბრუნება : |
| Remainder of title |
აშშ-ში მოგზაურობის შთაბეჭდილებანი / |
| Statement of responsibility, etc |
ნოდარ დუმბაძე, რედ. ნ.პაჭკორია, მხატვ: ვ.ორბელაძე |
| 250 ## - გამოცემის ცნობა |
| Edition statement |
1-ლი გამოც. |
| 264 ## - წარმოების, გამოცემის, დისტრიბუციის და სხვა ცნობები |
| გამოცემის, წარმოების, დისტრიბუციის... ადგილი |
თბილისი : |
| გამოცემის, წარმოების, დისტრიბუციის... სახელწოდება |
ნაკადული, |
| გამოცემის, წარმოების, დისტრიბუციის... თარიღი |
1979. |
| 300 ## - ფიზიკური აღწერა |
| Extent |
79 გვ.: |
| Dimensions |
16 სმ. |
| 653 ## - INDEX TERM--UNCONTROLLED |
| Uncontrolled term |
ოდისევსის დაბრუნება. |
| 700 ## - ADDED ENTRY--PERSONAL NAME |
| Personal name |
პაჭკორია, ნ |
| Relator term |
რედაქტორი |
| 9 (RLIN) |
15036 |
| 700 ## - ADDED ENTRY--PERSONAL NAME |
| Personal name |
ორბელაძე. ვ |
| Relator term |
მხატვარი |
| 9 (RLIN) |
15037 |
| 942 ## - ADDED ENTRY ELEMENTS (KOHA) |
| Koha item type |
წიგნი |
| Source of classification or shelving scheme |
|